කවියක් නොවේ ජීවිතේ ඉන්දියානු කෙටිකතාව (Record no. 2975)
[ view plain ]
| 000 -LEADER | |
|---|---|
| fixed length control field | 00518nam a2200169Ia 4500 |
| 008 - FIXED-LENGTH DATA ELEMENTS--GENERAL INFORMATION | |
| fixed length control field | 180921t2016 xxu||||| |||| 00| 0 sin d |
| 041 ## - LANGUAGE CODE | |
| Language code of text/sound track or separate title | sin |
| 080 ## - UNIVERSAL DECIMAL CLASSIFICATION NUMBER | |
| Universal Decimal Classification number | 8-32 |
| Item number | KAW |
| 003 - CONTROL NUMBER IDENTIFIER | |
| control field | LK-CoDNM |
| 040 ## - CATALOGING SOURCE | |
| Original cataloging agency | LK-CoDNM |
| Modifying agency | LK-CoDNM |
| Description conventions | LK-CoDNM |
| 100 ## - MAIN ENTRY--PERSONAL NAME | |
| Personal name | G.G.Sarath Ananda |
| Relator term | tr. |
| 245 ## - TITLE STATEMENT | |
| Title | කවියක් නොවේ ජීවිතේ ඉන්දියානු කෙටිකතාව |
| 246 ## - VARYING FORM OF TITLE | |
| Title proper/short title | Kawiyak Nowe Jeewithe Indiyabu Ketikatha |
| 260 ## - PUBLICATION, DISTRIBUTION, ETC. | |
| Name of publisher, distributor, etc. | Godage |
| Place of publication, distribution, etc. | Colombo |
| Date of publication, distribution, etc. | 2016 |
| 300 ## - PHYSICAL DESCRIPTION | |
| Other physical details | 112p, 23cm |
| 942 ## - ADDED ENTRY ELEMENTS (KOHA) | |
| Koha item type | Books |
| Withdrawn status | Lost status | Damaged status | Not for loan | Collection | Home library | Current library | Date acquired | Full call number | Barcode | Date last seen | Price effective from | Koha item type |
|---|---|---|---|---|---|---|---|---|---|---|---|---|
| Monographs | Library National Museum Colombo - Sri Lanka | Library National Museum Colombo - Sri Lanka | 2018-07-02 | 8-32 KAW | 165847 | 2023-06-01 | 2023-06-01 | Books |


